01301cam a2200325 a 450000100090000000300050000900500170001400600190003100700150005000800410006502000280010603500260013404000270016005000210018708200170020810000590022521000350028424500530031926000410037230000110041350400640042450600430048865000250053177300800055685601630063691000310079994200120083099900190084295201140086110850353ASAB20180827062644.0m d cr n 911127s1992 caua s 001 0 eng d a0124805582 (alk. paper) a(WaSeSS)ssj0000785905 aDLCcASABdDLCdWaSeSS 4aQR351b.M35 199200a581.2/342201 aMatthews, R. E. F.q(Richard Ellis Ford),d1921-9197710aFundamentals of plant virology10aFundamentals of plant virologycR.E.F. Matthews. aSan Diego :bAcademic Press,cc1992. a403 P. aIncludes bibliographical references (p. 387-394) and index. aLicense restrictions may limit access. 0aPlant viruses.91978 0teBook - Biochemistry, Genetics and Molecular Biology (Legacy 1) [EBCBGMBL1]40uhttp://www.columbia.edu/cgi-bin/cul/resolve?clio10850353zFull text available from eBook - Biochemistry, Genetics and Molecular Biology (Legacy 1) [EBCBGMBL1] aLibrary of Congress record 2ddccBK c480148d480148 00102ddc40708NFICaASABbASABd2016-06-23l1o581.2 MATpASAB3368r2023-04-26s2022-02-10w2016-06-23yBK